[Event "Blitz 2018"]
[Site "Saint-Petersburg"]
[Date "2018.12.29"]
[Round "12"]
[Board "50"]
[White "Esipenko Andrey (RUS)"]
[Black "Sakaev Konstantin (RUS)"]
[Result "1/2-1/2"]
[LiveChessVersion "1.4.8"]
[BlackElo "2551"]
[WhiteElo "2673"]

1. d4 {[%clk 0:03:03]} Nf6 {[%clk 0:03:03]} 2. Nf3 {[%clk 0:03:04]} d5
{[%clk 0:03:02]} 3. Bf4 {[%clk 0:03:02]} c5 {[%clk 0:02:59]} 4. e3
{[%clk 0:03:02]} Nc6 {[%clk 0:02:58]} 5. Nbd2 {[%clk 0:03:03]} cxd4
{[%clk 0:02:55]} 6. exd4 {[%clk 0:03:04]} g6 {[%clk 0:02:47]} 7. c3
{[%clk 0:03:02]} Bg7 {[%clk 0:02:47]} 8. Bd3 {[%clk 0:02:55]} Nh5
{[%clk 0:02:36]} 9. Be3 {[%clk 0:02:52]} Qd6 {[%clk 0:02:37]} 10. O-O
{[%clk 0:02:45]} O-O {[%clk 0:02:34]} 11. Re1 {[%clk 0:02:44]} Nf4
{[%clk 0:02:23]} 12. Bf1 {[%clk 0:02:42]} h6 {[%clk 0:02:21]} 13. Nb3
{[%clk 0:02:32]} g5 {[%clk 0:02:18]} 14. Nc5 {[%clk 0:02:26]} b6 {[%clk 0:02:10]}
15. Nd3 {[%clk 0:02:24]} Ng6 {[%clk 0:02:11]} 16. g3 {[%clk 0:01:59]} f5
{[%clk 0:01:54]} 17. Nfe5 {[%clk 0:01:43]} Ncxe5 {[%clk 0:01:47]} 18. Nxe5
{[%clk 0:01:43]} Nxe5 {[%clk 0:01:47]} 19. dxe5 {[%clk 0:01:43]} Bxe5
{[%clk 0:01:48]} 20. Bd4 {[%clk 0:01:44]} Bf6 {[%clk 0:01:20]} 21. Bxf6
{[%clk 0:01:44]} Rxf6 {[%clk 0:01:18]} 22. Qd4 {[%clk 0:01:44]} Bb7
{[%clk 0:00:55]} 23. Re5 {[%clk 0:01:42]} Raf8 {[%clk 0:00:49]} 24. Rae1
{[%clk 0:01:34]} e6 {[%clk 0:00:50]} 25. h4 {[%clk 0:01:29]} gxh4
{[%clk 0:00:47]} 26. Qxh4 {[%clk 0:01:25]} Kg7 {[%clk 0:00:43]} 27. Qf4
{[%clk 0:01:19]} Qc6 {[%clk 0:00:34]} 28. Bg2 {[%clk 0:01:16]} Qd7
{[%clk 0:00:34]} 29. Rd1 {[%clk 0:01:15]} b5 {[%clk 0:00:32]} 30. Bf3
{[%clk 0:01:12]} a6 {[%clk 0:00:33]} 31. Kg2 {[%clk 0:01:08]} Qd8
{[%clk 0:00:30]} 32. Qd4 {[%clk 0:00:54]} Qc8 {[%clk 0:00:30]} 33. Be2
{[%clk 0:00:49]} Kg8 {[%clk 0:00:30]} 34. Bd3 {[%clk 0:00:47]} f4
{[%clk 0:00:29]} 35. g4 {[%clk 0:00:29]} f3+ {[%clk 0:00:29]} 36. Kg3
{[%clk 0:00:30]} Qc7 {[%clk 0:00:30]} 37. Rh1 {[%clk 0:00:28]} Qg7
{[%clk 0:00:24]} 38. g5 {[%clk 0:00:11]} hxg5 {[%clk 0:00:08]} 39. Rh5
{[%clk 0:00:12]} Rf4 {[%clk 0:00:05]} 40. Rhxg5 {[%clk 0:00:11]} Rxd4
{[%clk 0:00:06]} 41. cxd4 {[%clk 0:00:11]} Bc8 {[%clk 0:00:07]} 42. Rxg7+
{[%clk 0:00:07]} Kxg7 {[%clk 0:00:08]} 43. Rh5 {[%clk 0:00:08]} Kf6
{[%clk 0:00:08]} 44. Kxf3 {[%clk 0:00:09]} Ke7+ {[%clk 0:00:09]} 45. Ke3
{[%clk 0:00:09]} Kd6 {[%clk 0:00:11]} 46. Rh7 Bd7 47. Rh1 {[%clk 0:00:06]} Rc8
{[%clk 0:00:14]} 1/2-1/2

[Event "Blitz 2018"]
[Site "Saint-Petersburg"]
[Date "2018.12.29"]
[Round "12"]
[Board "51"]
[White "Amonatov Farrukh (TJK)"]
[Black "Fridman Daniel (GER)"]
[Result "0-1"]
[LiveChessVersion "1.4.8"]
[BlackElo "2530"]
[WhiteElo "2656"]

1. Nf3 {[%clk 0:03:02]} Nf6 {[%clk 0:03:03]} 2. g3 d5 3. Bg2 {[%clk 0:03:04]} c5
{[%clk 0:03:06]} 4. O-O {[%clk 0:03:05]} Nc6 {[%clk 0:03:07]} 5. d3
{[%clk 0:03:06]} g6 {[%clk 0:03:06]} 6. Nbd2 {[%clk 0:03:07]} Bg7
{[%clk 0:03:08]} 7. e4 {[%clk 0:03:08]} O-O {[%clk 0:03:08]} 8. c3
{[%clk 0:03:09]} b6 {[%clk 0:03:07]} 9. Re1 {[%clk 0:03:10]} e6 {[%clk 0:03:08]}
10. a3 {[%clk 0:03:11]} Ba6 {[%clk 0:03:03]} 11. e5 {[%clk 0:02:57]} Nd7
{[%clk 0:03:03]} 12. d4 {[%clk 0:02:58]} cxd4 {[%clk 0:03:00]} 13. cxd4
{[%clk 0:02:59]} f6 {[%clk 0:02:41]} 14. exf6 {[%clk 0:02:58]} Qxf6
{[%clk 0:02:41]} 15. Nb3 {[%clk 0:02:58]} Bc4 {[%clk 0:02:29]} 16. Be3
{[%clk 0:02:57]} h6 {[%clk 0:01:53]} 17. Rc1 {[%clk 0:02:46]} Rac8
{[%clk 0:01:53]} 18. Nbd2 {[%clk 0:02:46]} Ba6 {[%clk 0:01:49]} 19. h4
{[%clk 0:02:34]} Bd3 {[%clk 0:01:40]} 20. Qb3 {[%clk 0:02:26]} Bf5
{[%clk 0:01:33]} 21. Qa4 {[%clk 0:02:26]} Ndb8 {[%clk 0:01:29]} 22. b4
{[%clk 0:02:20]} Bd3 {[%clk 0:01:05]} 23. b5 {[%clk 0:01:54]} Na5
{[%clk 0:00:45]} 24. Ne5 {[%clk 0:01:52]} Bf5 {[%clk 0:00:35]} 25. Qb4
{[%clk 0:01:34]} Rfd8 {[%clk 0:00:24]} 26. g4 {[%clk 0:01:10]} Bc2
{[%clk 0:00:24]} 27. g5 {[%clk 0:01:08]} Qf8 {[%clk 0:00:26]} 28. Qb2
{[%clk 0:00:24]} Bf5 {[%clk 0:00:26]} 29. Ndf3 {[%clk 0:00:23]} h5
{[%clk 0:00:26]} 30. Rxc8 {[%clk 0:00:21]} Rxc8 {[%clk 0:00:26]} 31. Rc1
{[%clk 0:00:22]} Nc4 {[%clk 0:00:22]} 32. Nxc4 {[%clk 0:00:23]} Rxc4
{[%clk 0:00:20]} 33. Ne5 {[%clk 0:00:19]} Bxe5 {[%clk 0:00:18]} 34. dxe5 Qc8 35.
Bf1 {[%clk 0:00:16]} Rc7 {[%clk 0:00:18]} 36. a4 {[%clk 0:00:12]} Nd7
{[%clk 0:00:19]} 37. f4 {[%clk 0:00:11]} Nc5 {[%clk 0:00:19]} 38. Qa3
{[%clk 0:00:08]} Ne4 {[%clk 0:00:14]} 39. Rxc7 {[%clk 0:00:06]} Qxc7
{[%clk 0:00:15]} 40. Qc1 {[%clk 0:00:07]} Qxc1 {[%clk 0:00:15]} 41. Bxc1 Nc3
{[%clk 0:00:16]} 42. a5 {[%clk 0:00:06]} d4 {[%clk 0:00:13]} 43. a6
{[%clk 0:00:07]} d3 {[%clk 0:00:10]} 44. Be3 {[%clk 0:00:07]} Nxb5
{[%clk 0:00:09]} 45. Kf2 {[%clk 0:00:06]} Nc7 {[%clk 0:00:11]} 46. Ke1
{[%clk 0:00:04]} Nxa6 {[%clk 0:00:11]} 47. Kd2 {[%clk 0:00:06]} Nb4
{[%clk 0:00:12]} 48. Bg2 {[%clk 0:00:05]} Kf7 {[%clk 0:00:11]} 49. Kc3
{[%clk 0:00:06]} Na6 {[%clk 0:00:08]} 50. Bb7 {[%clk 0:00:06]} Nc7
{[%clk 0:00:10]} 51. Kc4 {[%clk 0:00:07]} Ke7 {[%clk 0:00:10]} 52. Bc6
{[%clk 0:00:08]} Kd8 {[%clk 0:00:11]} 53. Bd2 {[%clk 0:00:08]} Kc8
{[%clk 0:00:12]} 54. Be3 {[%clk 0:00:09]} Kb8 {[%clk 0:00:12]} 55. Kc3
{[%clk 0:00:11]} b5 {[%clk 0:00:13]} 56. Kb4 {[%clk 0:00:12]} a6 {[%clk 0:00:13]}
57. Kc5 {[%clk 0:00:12]} Kc8 {[%clk 0:00:13]} 58. Kd6 {[%clk 0:00:13]} b4
{[%clk 0:00:14]} 59. Bd7+ {[%clk 0:00:13]} Kb8 {[%clk 0:00:14]} 60. Ba4
{[%clk 0:00:13]} Nd5 {[%clk 0:00:13]} 61. Bd2 {[%clk 0:00:14]} Nc3
{[%clk 0:00:14]} 62. Bb3 {[%clk 0:00:15]} Ne4+ {[%clk 0:00:15]} 63. Bxb4
{[%clk 0:00:16]} 0-1

[Event "Blitz 2018"]
[Site "Saint-Petersburg"]
[Date "2018.12.29"]
[Round "12"]
[Board "52"]
[White "Salem A.R. Saleh (UAE)"]
[Black "Bilguun Sumiya (MGL)"]
[Result "1/2-1/2"]
[LiveChessVersion "1.4.8"]
[BlackElo "2469"]
[WhiteElo "2645"]

1. d4 {[%clk 0:03:03]} d5 {[%clk 0:03:02]} 2. c4 {[%clk 0:03:04]} e6
{[%clk 0:03:03]} 3. Nc3 {[%clk 0:03:05]} c6 {[%clk 0:03:04]} 4. Nf3
{[%clk 0:03:06]} dxc4 {[%clk 0:03:05]} 5. e4 {[%clk 0:03:07]} b5 {[%clk 0:03:05]}
6. Be2 {[%clk 0:03:08]} Nf6 {[%clk 0:03:01]} 7. O-O {[%clk 0:03:09]} Be7
{[%clk 0:03:00]} 8. a4 {[%clk 0:03:09]} b4 {[%clk 0:03:00]} 9. e5
{[%clk 0:03:10]} bxc3 {[%clk 0:03:01]} 10. exf6 {[%clk 0:03:11]} Bxf6
{[%clk 0:03:00]} 11. bxc3 {[%clk 0:03:12]} O-O {[%clk 0:03:00]} 12. Bxc4
{[%clk 0:03:13]} Ba6 {[%clk 0:02:59]} 13. Bxa6 {[%clk 0:03:12]} Nxa6
{[%clk 0:03:00]} 14. Qe2 {[%clk 0:03:12]} Nc7 {[%clk 0:03:01]} 15. Rd1
{[%clk 0:03:12]} Nd5 {[%clk 0:02:47]} 16. Bd2 {[%clk 0:03:13]} Qc7
{[%clk 0:02:42]} 17. c4 {[%clk 0:03:13]} Ne7 {[%clk 0:02:43]} 18. Qe4
{[%clk 0:02:43]} c5 {[%clk 0:02:32]} 19. Bg5 {[%clk 0:02:14]} Bxg5
{[%clk 0:02:24]} 20. Nxg5 {[%clk 0:02:15]} Ng6 {[%clk 0:02:19]} 21. g3
{[%clk 0:02:01]} cxd4 {[%clk 0:01:57]} 22. Rxd4 {[%clk 0:01:58]} Rac8
{[%clk 0:01:59]} 23. Rad1 {[%clk 0:01:40]} Qa5 {[%clk 0:02:00]} 24. h4
{[%clk 0:01:37]} Qe5 {[%clk 0:01:50]} 25. Qd3 {[%clk 0:01:24]} h6
{[%clk 0:01:38]} 26. Ne4 {[%clk 0:00:54]} Qa5 {[%clk 0:01:30]} 27. c5
{[%clk 0:00:51]} Ne5 {[%clk 0:01:23]} 28. Qe2 {[%clk 0:00:41]} Nc6
{[%clk 0:01:20]} 29. Rc4 {[%clk 0:00:36]} Ne5 {[%clk 0:01:18]} 30. Rcd4
{[%clk 0:00:37]} Nc6 {[%clk 0:01:19]} 31. Rc4 {[%clk 0:00:38]} Ne5
{[%clk 0:01:17]} 32. Rcd4 Nc6 33. Rc4 Ne5 1/2-1/2

[Event "Blitz 2018"]
[Site "Saint-Petersburg"]
[Date "2018.12.29"]
[Round "12"]
[Board "53"]
[White "Al-Sayed Mohammed (QAT)"]
[Black "Anton Guijarro David (ESP)"]
[Result "0-1"]
[LiveChessVersion "1.4.8"]
[BlackElo "2631"]
[WhiteElo "2547"]

1. d4 {[%clk 0:03:03]} Nf6 {[%clk 0:03:02]} 2. c3 {[%clk 0:03:04]} b6
{[%clk 0:03:01]} 3. Bg5 {[%clk 0:03:04]} Bb7 {[%clk 0:03:01]} 4. Bxf6
{[%clk 0:03:04]} exf6 {[%clk 0:03:02]} 5. Nf3 {[%clk 0:03:03]} g6
{[%clk 0:03:02]} 6. Nbd2 {[%clk 0:03:01]} f5 {[%clk 0:03:02]} 7. g3
{[%clk 0:02:57]} Bg7 {[%clk 0:03:03]} 8. Bg2 {[%clk 0:02:58]} O-O
{[%clk 0:03:02]} 9. Nh4 {[%clk 0:02:43]} d5 {[%clk 0:02:59]} 10. e3
{[%clk 0:02:42]} Nd7 {[%clk 0:02:57]} 11. O-O {[%clk 0:02:35]} c5
{[%clk 0:02:55]} 12. Nb3 {[%clk 0:02:27]} c4 {[%clk 0:02:27]} 13. Nc1
{[%clk 0:02:12]} b5 {[%clk 0:02:25]} 14. Ne2 {[%clk 0:02:11]} Nf6
{[%clk 0:02:22]} 15. Nf3 {[%clk 0:02:11]} Ne4 {[%clk 0:02:18]} 16. Nd2
{[%clk 0:02:12]} Qd6 {[%clk 0:02:15]} 17. Nxe4 {[%clk 0:02:11]} fxe4
{[%clk 0:02:14]} 18. a3 {[%clk 0:01:51]} a5 {[%clk 0:02:09]} 19. Qd2
{[%clk 0:01:51]} Bc8 {[%clk 0:02:07]} 20. f3 {[%clk 0:01:51]} exf3
{[%clk 0:02:04]} 21. Bxf3 {[%clk 0:01:52]} Re8 {[%clk 0:01:45]} 22. Nf4
{[%clk 0:01:52]} Bb7 {[%clk 0:01:45]} 23. Rae1 {[%clk 0:01:41]} Re7
{[%clk 0:01:40]} 24. Qg2 {[%clk 0:01:42]} Rd8 {[%clk 0:01:33]} 25. e4
{[%clk 0:01:42]} dxe4 {[%clk 0:01:30]} 26. Bxe4 {[%clk 0:01:43]} Rde8
{[%clk 0:01:23]} 27. Bxb7 {[%clk 0:01:12]} Rxe1 {[%clk 0:01:24]} 28. Bc6
{[%clk 0:01:13]} Rxf1+ {[%clk 0:01:15]} 29. Kxf1 {[%clk 0:01:14]} Rb8
{[%clk 0:01:16]} 30. Qe4 {[%clk 0:01:07]} b4 {[%clk 0:01:09]} 31. axb4
{[%clk 0:01:08]} axb4 {[%clk 0:01:10]} 32. Bd5 {[%clk 0:01:09]} bxc3
{[%clk 0:01:02]} 33. bxc3 {[%clk 0:01:10]} Bh6 {[%clk 0:01:02]} 34. Bxc4
{[%clk 0:00:55]} Bxf4 {[%clk 0:01:02]} 35. gxf4 {[%clk 0:00:56]} Qc7
{[%clk 0:01:03]} 36. d5 {[%clk 0:00:34]} Rc8 {[%clk 0:00:49]} 37. d6
{[%clk 0:00:19]} Qxd6 {[%clk 0:00:50]} 38. Bd5 {[%clk 0:00:20]} Qf6
{[%clk 0:00:43]} 39. c4 {[%clk 0:00:20]} Rb8 {[%clk 0:00:44]} 40. Kg2
{[%clk 0:00:15]} Rb2+ {[%clk 0:00:42]} 41. Kg3 {[%clk 0:00:15]} Qc3+
{[%clk 0:00:40]} 0-1

[Event "Blitz 2018"]
[Site "Saint-Petersburg"]
[Date "2018.12.29"]
[Round "12"]
[Board "54"]
[White "Miton Kamil (POL)"]
[Black "Motylev Alexander (RUS)"]
[Result "1-0"]
[LiveChessVersion "1.4.8"]
[BlackElo "2609"]
[WhiteElo "2520"]

1. d4 {[%clk 0:03:01]} d5 {[%clk 0:03:03]} 2. c4 {[%clk 0:03:01]} c6
{[%clk 0:03:04]} 3. Nc3 {[%clk 0:02:56]} Nf6 {[%clk 0:03:05]} 4. e3
{[%clk 0:02:55]} e6 {[%clk 0:03:06]} 5. Nf3 {[%clk 0:02:55]} Nbd7
{[%clk 0:03:07]} 6. Qc2 {[%clk 0:02:53]} Bd6 {[%clk 0:03:08]} 7. Be2
{[%clk 0:02:48]} O-O {[%clk 0:03:07]} 8. O-O {[%clk 0:02:46]} b6 {[%clk 0:03:04]}
9. e4 {[%clk 0:02:44]} dxe4 {[%clk 0:03:00]} 10. Nxe4 {[%clk 0:02:44]} Nxe4
{[%clk 0:02:59]} 11. Qxe4 {[%clk 0:02:43]} Bb7 {[%clk 0:02:57]} 12. Rd1
{[%clk 0:02:36]} Qe7 {[%clk 0:02:55]} 13. Bg5 {[%clk 0:02:29]} f6
{[%clk 0:02:55]} 14. Bh4 {[%clk 0:02:10]} Rae8 {[%clk 0:02:36]} 15. Bd3
{[%clk 0:02:05]} g6 {[%clk 0:02:31]} 16. Bg3 {[%clk 0:01:58]} Bxg3
{[%clk 0:02:20]} 17. hxg3 {[%clk 0:01:58]} e5 {[%clk 0:02:22]} 18. dxe5
{[%clk 0:01:38]} Nc5 {[%clk 0:02:18]} 19. Qe3 {[%clk 0:01:33]} fxe5
{[%clk 0:02:18]} 20. Bc2 {[%clk 0:01:29]} a5 {[%clk 0:02:04]} 21. Re1
{[%clk 0:01:29]} Qf7 {[%clk 0:01:56]} 22. b3 {[%clk 0:01:15]} Bc8
{[%clk 0:01:47]} 23. Ng5 {[%clk 0:01:09]} Qc7 {[%clk 0:01:46]} 24. Ne4
{[%clk 0:01:06]} Ne6 {[%clk 0:01:47]} 25. Rad1 {[%clk 0:01:03]} Nd4
{[%clk 0:01:35]} 26. Bb1 {[%clk 0:01:03]} Kg7 {[%clk 0:01:23]} 27. c5
{[%clk 0:01:03]} Bg4 {[%clk 0:01:05]} 28. Rc1 {[%clk 0:00:52]} b5
{[%clk 0:01:03]} 29. Nd6 {[%clk 0:00:51]} Re6 {[%clk 0:00:56]} 30. Qd2
{[%clk 0:00:26]} Bf3 {[%clk 0:00:40]} 31. Re3 {[%clk 0:00:19]} Bd5
{[%clk 0:00:32]} 32. Rce1 {[%clk 0:00:20]} Qe7 {[%clk 0:00:29]} 33. Be4
{[%clk 0:00:18]} Bxe4 {[%clk 0:00:25]} 34. Rxe4 {[%clk 0:00:18]} b4
{[%clk 0:00:24]} 35. f4 {[%clk 0:00:14]} Nf5 {[%clk 0:00:07]} 36. Rxe5
{[%clk 0:00:13]} Rxe5 {[%clk 0:00:08]} 37. Rxe5 {[%clk 0:00:13]} Qf6
{[%clk 0:00:07]} 38. Ne8+ {[%clk 0:00:11]} Rxe8 {[%clk 0:00:08]} 39. Rxe8
{[%clk 0:00:11]} h5 {[%clk 0:00:07]} 40. Qe1 {[%clk 0:00:09]} Qd4+
{[%clk 0:00:07]} 41. Kh2 {[%clk 0:00:09]} Kh6 {[%clk 0:00:06]} 42. Qe5
{[%clk 0:00:10]} Qxe5 {[%clk 0:00:04]} 43. Rxe5 {[%clk 0:00:10]} 1-0

[Event "Blitz 2018"]
[Site "Saint-Petersburg"]
[Date "2018.12.29"]
[Round "12"]
[Board "55"]
[White "Iljiushenok Ilia (RUS)"]
[Black "Mchedlishvili Mikheil (GEO)"]
[Result "1/2-1/2"]
[LiveChessVersion "1.4.8"]
[BlackElo "2607"]
[WhiteElo "2467"]

1. e4 {[%clk 0:03:02]} c6 {[%clk 0:03:02]} 2. d4 {[%clk 0:03:02]} d5
{[%clk 0:03:03]} 3. e5 {[%clk 0:03:03]} Bf5 {[%clk 0:03:03]} 4. h4
{[%clk 0:03:04]} Qb6 {[%clk 0:03:02]} 5. a4 {[%clk 0:02:58]} h6 {[%clk 0:03:00]}
6. a5 {[%clk 0:02:56]} Qc7 {[%clk 0:03:01]} 7. c4 {[%clk 0:02:47]} e6
{[%clk 0:02:59]} 8. c5 {[%clk 0:02:35]} f6 {[%clk 0:02:33]} 9. f4
{[%clk 0:02:33]} Ne7 {[%clk 0:02:22]} 10. Nc3 {[%clk 0:02:24]} Nd7
{[%clk 0:02:20]} 11. Be3 {[%clk 0:02:10]} h5 {[%clk 0:02:08]} 12. Be2
{[%clk 0:02:03]} Bg6 {[%clk 0:02:06]} 13. Nf3 {[%clk 0:02:02]} Nf5
{[%clk 0:02:06]} 14. Bf2 {[%clk 0:02:02]} Be7 {[%clk 0:02:05]} 15. O-O
{[%clk 0:01:53]} a6 {[%clk 0:01:56]} 16. Na4 {[%clk 0:01:48]} Kf7
{[%clk 0:01:43]} 17. Nb6 {[%clk 0:01:46]} Rag8 {[%clk 0:01:41]} 18. Ra3
{[%clk 0:01:38]} Nh6 {[%clk 0:01:41]} 19. Nxd7 {[%clk 0:01:17]} Qxd7
{[%clk 0:01:42]} 20. Rb3 {[%clk 0:01:17]} Ng4 {[%clk 0:01:36]} 21. Qd2
{[%clk 0:01:14]} Bf5 {[%clk 0:01:28]} 22. Qb4 {[%clk 0:01:12]} Rb8
{[%clk 0:01:28]} 23. g3 {[%clk 0:01:05]} Qc7 {[%clk 0:01:07]} 24. Qd2
{[%clk 0:01:03]} Bd8 {[%clk 0:01:03]} 25. Rb6 {[%clk 0:00:55]} Qd7
{[%clk 0:01:01]} 26. Rb3 {[%clk 0:00:55]} Bc7 {[%clk 0:00:52]} 27. Kg2
{[%clk 0:00:49]} Rh6 {[%clk 0:00:53]} 28. Bg1 {[%clk 0:00:45]} Rg6
{[%clk 0:00:53]} 29. Qc3 {[%clk 0:00:30]} Kg8 {[%clk 0:00:50]} 30. Qd2
{[%clk 0:00:32]} Qf7 {[%clk 0:00:48]} 31. Qc3 {[%clk 0:00:33]} Be4
{[%clk 0:00:49]} 32. Qd2 {[%clk 0:00:28]} fxe5 {[%clk 0:00:49]} 33. dxe5
{[%clk 0:00:28]} Qf5 {[%clk 0:00:42]} 34. Bd4 {[%clk 0:00:20]} Bd8
{[%clk 0:00:37]} 35. Kg1 {[%clk 0:00:21]} Bxf3 {[%clk 0:00:29]} 36. Rbxf3
{[%clk 0:00:16]} Nh6 {[%clk 0:00:14]} 37. Bd3 {[%clk 0:00:12]} Qf7
{[%clk 0:00:15]} 38. Bxg6 {[%clk 0:00:12]} Qxg6 {[%clk 0:00:16]} 39. Kh2
{[%clk 0:00:09]} Nf5 {[%clk 0:00:17]} 40. b4 {[%clk 0:00:07]} Be7
{[%clk 0:00:18]} 41. Qd3 {[%clk 0:00:05]} Rf8 {[%clk 0:00:19]} 42. Rg1
{[%clk 0:00:05]} Qf7 {[%clk 0:00:12]} 43. Bf2 {[%clk 0:00:06]} Nh6
{[%clk 0:00:12]} 44. Bd4 {[%clk 0:00:05]} Nf5 {[%clk 0:00:11]} 45. Bf2
{[%clk 0:00:06]} Qg6 {[%clk 0:00:11]} 46. Bd4 {[%clk 0:00:06]} Qg4
{[%clk 0:00:12]} 47. Bf2 {[%clk 0:00:06]} Kf7 {[%clk 0:00:12]} 48. Qe2
{[%clk 0:00:05]} Rh8 {[%clk 0:00:11]} 49. Qd1 {[%clk 0:00:06]} Ke8
{[%clk 0:00:12]} 50. Rd3 {[%clk 0:00:06]} Qg6 {[%clk 0:00:13]} 51. Qf3
{[%clk 0:00:07]} Rh6 {[%clk 0:00:14]} 52. Rdd1 {[%clk 0:00:08]} Qh7
{[%clk 0:00:15]} 53. Kg2 {[%clk 0:00:07]} Rg6 {[%clk 0:00:15]} 54. Kf1
{[%clk 0:00:08]} Rg4 {[%clk 0:00:16]} 55. Ke2 {[%clk 0:00:09]} Nh6
{[%clk 0:00:17]} 56. Qd3 {[%clk 0:00:09]} Nf5 {[%clk 0:00:10]} 1/2-1/2

[Event "Blitz 2018"]
[Site "Saint-Petersburg"]
[Date "2018.12.29"]
[Round "12"]
[Board "56"]
[White "Antipov Mikhail Al. (RUS)"]
[Black "Hakobyan Aram (ARM)"]
[Result "0-1"]
[LiveChessVersion "1.4.8"]
[BlackElo "2451"]
[WhiteElo "2604"]

1. e4 {[%clk 0:03:03]} c6 {[%clk 0:03:03]} 2. d4 {[%clk 0:03:04]} d5
{[%clk 0:03:05]} 3. e5 {[%clk 0:03:05]} Bf5 {[%clk 0:03:05]} 4. h4
{[%clk 0:03:06]} a6 {[%clk 0:03:02]} 5. h5 {[%clk 0:02:51]} h6 {[%clk 0:03:01]}
6. g4 {[%clk 0:02:52]} Bd7 {[%clk 0:03:02]} 7. f4 {[%clk 0:02:53]} e6
{[%clk 0:03:01]} 8. c3 {[%clk 0:02:48]} c5 {[%clk 0:03:02]} 9. Nf3
{[%clk 0:02:49]} Nc6 {[%clk 0:03:02]} 10. a3 {[%clk 0:02:40]} Qb6
{[%clk 0:03:01]} 11. b4 {[%clk 0:02:22]} cxd4 {[%clk 0:02:56]} 12. cxd4
{[%clk 0:02:23]} Rc8 {[%clk 0:02:45]} 13. Be3 {[%clk 0:02:12]} a5
{[%clk 0:02:16]} 14. b5 {[%clk 0:02:09]} Na7 {[%clk 0:02:09]} 15. a4
{[%clk 0:02:10]} Bb4+ {[%clk 0:02:10]} 16. Kf2 {[%clk 0:02:11]} Ne7
{[%clk 0:02:12]} 17. Bd3 {[%clk 0:02:02]} f6 {[%clk 0:01:58]} 18. Nbd2
{[%clk 0:01:21]} Rc3 {[%clk 0:01:49]} 19. Nf1 {[%clk 0:01:22]} Kd8
{[%clk 0:01:40]} 20. Ng3 {[%clk 0:01:21]} Kc8 {[%clk 0:01:32]} 21. Ne2
{[%clk 0:01:20]} Rc7 {[%clk 0:01:30]} 22. Ne1 {[%clk 0:00:52]} fxe5
{[%clk 0:01:24]} 23. fxe5 {[%clk 0:00:53]} Kb8 {[%clk 0:01:20]} 24. Nc2
{[%clk 0:00:53]} Bc3 {[%clk 0:00:50]} 25. Ra3 {[%clk 0:00:48]} Rhc8
{[%clk 0:00:50]} 26. Nxc3 {[%clk 0:00:31]} Rxc3 {[%clk 0:00:51]} 27. Rxc3
{[%clk 0:00:31]} Rxc3 {[%clk 0:00:52]} 28. Qd2 {[%clk 0:00:28]} Rc8
{[%clk 0:00:48]} 29. Na1 {[%clk 0:00:16]} Qd8 {[%clk 0:00:41]} 30. Nb3
{[%clk 0:00:13]} b6 {[%clk 0:00:41]} 31. Rc1 {[%clk 0:00:14]} Rxc1
{[%clk 0:00:32]} 32. Qxc1 {[%clk 0:00:16]} Nac8 {[%clk 0:00:30]} 33. Kg2
{[%clk 0:00:17]} Qf8 {[%clk 0:00:23]} 34. Qf1 {[%clk 0:00:17]} Qxf1+
{[%clk 0:00:21]} 35. Bxf1 {[%clk 0:00:16]} Be8 {[%clk 0:00:22]} 36. Bd3
{[%clk 0:00:11]} Kc7 {[%clk 0:00:24]} 37. Nd2 {[%clk 0:00:09]} Ng8
{[%clk 0:00:19]} 38. Nf3 {[%clk 0:00:08]} Nce7 {[%clk 0:00:19]} 39. Nh4
{[%clk 0:00:07]} Kd7 {[%clk 0:00:21]} 40. Bc1 {[%clk 0:00:07]} Bf7
{[%clk 0:00:08]} 41. Ba3 {[%clk 0:00:07]} Ke8 {[%clk 0:00:08]} 42. Kg3
{[%clk 0:00:07]} Nc8 {[%clk 0:00:06]} 43. Ng2 {[%clk 0:00:06]} Nge7
{[%clk 0:00:06]} 44. Nf4 {[%clk 0:00:06]} Kd7 {[%clk 0:00:07]} 45. Kh4
{[%clk 0:00:04]} Ke8 {[%clk 0:00:06]} 46. g5 {[%clk 0:00:05]} hxg5+
{[%clk 0:00:06]} 47. Kxg5 {[%clk 0:00:05]} Ng8 {[%clk 0:00:08]} 48. Bf1
{[%clk 0:00:04]} Nh6 {[%clk 0:00:09]} 49. Bh3 {[%clk 0:00:05]} Kd7
{[%clk 0:00:10]} 50. Bf8 {[%clk 0:00:05]} Ne7 {[%clk 0:00:11]} 51. Bxg7
{[%clk 0:00:04]} Nhf5 {[%clk 0:00:12]} 52. Bf6 {[%clk 0:00:04]} Nxd4
{[%clk 0:00:11]} 53. h6 {[%clk 0:00:04]} Bg8 {[%clk 0:00:08]} 54. Bg4
{[%clk 0:00:03]} Bh7 {[%clk 0:00:08]} 55. Kh4 {[%clk 0:00:04]} Nef5+
{[%clk 0:00:07]} 56. Kh3 {[%clk 0:00:04]} Nxh6 {[%clk 0:00:07]} 57. Bh5
{[%clk 0:00:04]} Nhf5 {[%clk 0:00:06]} 58. Bg5 {[%clk 0:00:04]} Ne3
{[%clk 0:00:07]} 59. Kg3 {[%clk 0:00:04]} Nc4 {[%clk 0:00:08]} 60. Bg4
{[%clk 0:00:04]} Bf5 {[%clk 0:00:10]} 61. Bh5 {[%clk 0:00:04]} Nb2
{[%clk 0:00:10]} 62. Bf7 {[%clk 0:00:04]} Nxa4 {[%clk 0:00:11]} 63. Nh5
{[%clk 0:00:05]} Nxb5 {[%clk 0:00:11]} 64. Nf6+ {[%clk 0:00:06]} Kc6
{[%clk 0:00:12]} 65. Be8+ {[%clk 0:00:07]} Kc5 {[%clk 0:00:13]} 66. Nd7+
{[%clk 0:00:03]} Kd4 {[%clk 0:00:12]} 67. Nb8 {[%clk 0:00:03]} Nac3
{[%clk 0:00:11]} 68. Nc6+ {[%clk 0:00:04]} Kc4 {[%clk 0:00:12]} 69. Ne7
{[%clk 0:00:05]} Ne4+ {[%clk 0:00:12]} 70. Kf4 {[%clk 0:00:06]} Nxg5
{[%clk 0:00:12]} 71. Kxg5 {[%clk 0:00:05]} Nd4 {[%clk 0:00:09]} 72. Bd7
{[%clk 0:00:04]} Bh3 {[%clk 0:00:08]} 73. Kh4 {[%clk 0:00:05]} Nf5+
{[%clk 0:00:08]} 74. Kxh3 Nxe7 {[%clk 0:00:10]} 0-1

[Event "Blitz 2018"]
[Site "Saint-Petersburg"]
[Date "2018.12.29"]
[Round "12"]
[Board "57"]
[White "Zhigalko Andrey (BLR)"]
[Black "Gordievsky Dmitry (RUS)"]
[Result "1-0"]
[LiveChessVersion "1.4.8"]
[BlackElo "2591"]
[WhiteElo "2493"]

1. e4 {[%clk 0:03:03]} c5 {[%clk 0:03:04]} 2. Nf3 {[%clk 0:03:04]} e6
{[%clk 0:03:05]} 3. d4 {[%clk 0:03:06]} cxd4 {[%clk 0:03:06]} 4. Nxd4
{[%clk 0:03:07]} a6 {[%clk 0:03:07]} 5. Nc3 {[%clk 0:03:08]} Qc7 {[%clk 0:03:08]}
6. Bd3 {[%clk 0:03:09]} Nf6 {[%clk 0:03:05]} 7. Qe2 {[%clk 0:03:10]} d6
{[%clk 0:03:04]} 8. f4 {[%clk 0:03:11]} Nbd7 {[%clk 0:03:02]} 9. g4
{[%clk 0:03:12]} Nc5 {[%clk 0:02:54]} 10. g5 {[%clk 0:03:13]} Nfd7
{[%clk 0:02:54]} 11. Be3 {[%clk 0:03:11]} b5 {[%clk 0:02:50]} 12. a3
{[%clk 0:03:10]} Bb7 {[%clk 0:02:49]} 13. O-O-O {[%clk 0:02:44]} Rc8
{[%clk 0:02:39]} 14. Kb1 {[%clk 0:02:44]} e5 {[%clk 0:02:38]} 15. Nf5
{[%clk 0:02:16]} g6 {[%clk 0:02:32]} 16. Nh6 {[%clk 0:02:09]} Bxh6
{[%clk 0:02:22]} 17. gxh6 {[%clk 0:02:10]} exf4 {[%clk 0:02:08]} 18. Bxf4
{[%clk 0:02:03]} Ne5 {[%clk 0:02:08]} 19. Bxb5+ {[%clk 0:02:01]} Ke7
{[%clk 0:01:27]} 20. Bc4 {[%clk 0:01:04]} Ne6 {[%clk 0:00:39]} 21. Bxe6
{[%clk 0:00:46]} Kxe6 {[%clk 0:00:38]} 22. Rhf1 {[%clk 0:00:37]} Qc4
{[%clk 0:00:32]} 23. Qd2 {[%clk 0:00:33]} Qc5 {[%clk 0:00:20]} 24. Bg5
{[%clk 0:00:26]} f5 {[%clk 0:00:21]} 25. exf5+ {[%clk 0:00:24]} gxf5
{[%clk 0:00:22]} 26. Rfe1 {[%clk 0:00:17]} Rhe8 {[%clk 0:00:18]} 27. Re2
{[%clk 0:00:12]} Bf3 {[%clk 0:00:16]} 28. Rde1 {[%clk 0:00:09]} Bxe2
{[%clk 0:00:17]} 29. Nxe2 {[%clk 0:00:10]} Kf7 {[%clk 0:00:06]} 30. Rf1
{[%clk 0:00:11]} Nc4 {[%clk 0:00:06]} 31. Qd3 {[%clk 0:00:11]} Re5
{[%clk 0:00:03]} 32. Nd4 {[%clk 0:00:10]} Qb6 {[%clk 0:00:03]} 33. b4
{[%clk 0:00:07]} Kg8 {[%clk 0:00:03]} 34. Nxf5 {[%clk 0:00:06]} Rc7
{[%clk 0:00:00]} 35. Ne7+ {[%clk 0:00:06]} Rcxe7 {[%clk 0:00:00]} 36. Bxe7
{[%clk 0:00:06]} 1-0